Size and linkages of the Spanish construction industry (Registro nro. 42013)
[ vista simple ]
| 000 -CABECERA | |
|---|---|
| Longitud fija campo de control | 01050naa a2200289 c 4500 |
| 001 - NÚMERO DE CONTROL | |
| Número de control | 42013 |
| 003 - IDENTIFICADOR DE NÚMERO DE CONTROL | |
| Identificador del número de control | ES-MaCES |
| 005 - FECHA Y HORA DE LA ÚLTIMA TRANSACCIÓN | |
| Fecha y hora de la última transacción | 20110816101100.0 |
| 008 - CAMPO FIJO DE DESCRIPCIÓN FIJA--INFORMACIÓN GENERAL | |
| Códigos de información de longitud fija | 110816n2011 xxkd t 000 | eng d |
| 035 ## - NÚMERO DE CONTROL DEL SISTEMA | |
| Número de control del sistema | CES20110009054v |
| 040 ## - FUENTE DE CATALOGACIÓN | |
| Centro catalogador de origen | ES-MaCES |
| Lengua de catalogación | spa |
| Centro transcriptor | ES-MaCES |
| 100 1# - ENCABEZAMIENTO PRINCIPAL--NOMBRE PERSONAL | |
| Nombre de persona | Bielsa, Jorge |
| 9 (RLIN) | 7746 |
| 245 10 - MENCIÓN DE TÍTULO | |
| Título | Size and linkages of the Spanish construction industry |
| Resto del título | : key sector or deformation of the econonomy |
| Mención de responsabilidad, etc. | Jorge Bielsa and Rosa Duarte |
| 500 ## - NOTA GENERAL | |
| Nota general | Resumen |
| 650 #4 - ASIENTO SECUNDARIO DE MATERIA--TÉRMINO DE MATERIA | |
| Término de materia o nombre geográfico como elemento inicial | modelo econométrico |
| 9 (RLIN) | 29368 |
| 650 #4 - ASIENTO SECUNDARIO DE MATERIA--TÉRMINO DE MATERIA | |
| Término de materia o nombre geográfico como elemento inicial | infraestructura |
| 9 (RLIN) | 28025 |
| 650 #4 - ASIENTO SECUNDARIO DE MATERIA--TÉRMINO DE MATERIA | |
| Término de materia o nombre geográfico como elemento inicial | estructura del empleo |
| 9 (RLIN) | 28304 |
| 650 #4 - ASIENTO SECUNDARIO DE MATERIA--TÉRMINO DE MATERIA | |
| Término de materia o nombre geográfico como elemento inicial | sector económico |
| 9 (RLIN) | 30015 |
| 650 #4 - ASIENTO SECUNDARIO DE MATERIA--TÉRMINO DE MATERIA | |
| Término de materia o nombre geográfico como elemento inicial | inversión |
| 9 (RLIN) | 28141 |
| 650 #4 - ASIENTO SECUNDARIO DE MATERIA--TÉRMINO DE MATERIA | |
| Término de materia o nombre geográfico como elemento inicial | industria de la construcción |
| 9 (RLIN) | 27730 |
| 653 10 - TÉRMINO DE INDEXACIÓN--NO CONTROLADO | |
| Término no controlado | Vivienda-Construcción-Urbanismo |
| 700 1# - ENCABEZAMIENTO SECUNDARIO--NOMBRE PERSONAL | |
| Nombre de persona | Duarte, Rosa |
| 9 (RLIN) | 10993 |
| 773 0# - ENTRADA DE DOCUMENTO FUENTE | |
| Título | Cambridge journal of Economics |
| Parte(s) relacionada(s) | vol. 35, no. 2 (Mar. 2011){10225 R. 079224}; p. 317-334 |
| Número de control del registro relacionado | (ES-MaCES)25239 |
| Itemnumber del ítem fuente | 44887 |
| 902 ## - CES. TIPO DE DOCUMENTO | |
| Tipodoc (006$c Sirtex) | ART Artículo de revista |
| 942 ## - ELEMENTOS KOHA | |
| Fuente de clasificaión o esquema | Clasificación propia del CES |
| Koha [por defecto] tipo de item | Artículos (1982-2017) |
| Parte de clasificación | 5.2. |
No hay ítems disponibles.
